| 000 | 00959nam a2200277 a 4500 | ||
|---|---|---|---|
| 001 | |||
| 003 | OSt | ||
| 005 | 20240530073924.0 | ||
| 008 | 081112s2020 dr a 000 0 spa d | ||
| 020 | _a9789945806816 | ||
| 040 |
_aDO-SdBNP _bspa _cBNPHU |
||
| 082 | 4 |
_aRD863.5 _bR373p _222 |
|
| 100 | 1 |
_aReinoso, Eridania J. _d1988- _9315 |
|
| 245 | 1 | 3 |
_aEl precio de Andrea : _bella fue tras un sueño y ahora es parte de la mercancía / _cEridania J. Reinoso. |
| 246 | 1 | 4 | _aEl precio de Andrea |
| 260 |
_aSanto Domingo : _bAmigo del Hogar, _c2020. |
||
| 300 |
_a244 p. : _bil. ; _c23 cm. |
||
| 500 | _aIncluye datos biográficos del autor en la solapa de la cubierta | ||
| 504 | _aBibliografía : p. 245 | ||
| 590 | _aInventariado, 2021/VM | ||
| 650 | 0 |
_aNovela dominicana _9223 |
|
| 650 | 0 |
_aLiteratura dominicana. _967 |
|
| 650 | 4 |
_aProblemas sociales en la literatura. _929266 |
|
| 910 | _aVMateo/Validado. Control de calidad MFF | ||
| 942 |
_2ddc _cLBS1 |
||
| 999 |
_c49330 _d49330 |
||